000
00245nam a2200121Ia 4500
008
190216s9999||||xx |||||||||||||| ||und||
100
_a
Null
245
0
_a
Hindi-Gad Dara
260
_b
Sage Pub
300
_a
71
650
_a
Hindi
942
_c
BK
999
_c
15640
_d
15640